Neymar quiz - Statistics

General Stats
  • This quiz has been taken 37 times
  • The average score is 6 of 30
Answer Stats
Hint Answer % Correct
How many shots did Neymar take in the 2020 UCL final vs Bayern Munich 3
82%
How many goals did Neymar score in the 2011 Copa Libertadores campaign 6
82%
What is Neymar’s highest-scoring international match 4
76%
What jersey number did Neymar wear during the 2009 FIFA U-17 World Cup 7
71%
How many trophies has Neymar won with PSG 13
56%
How many goals did Neymar score in the 2018–19 Ligue 1 season 15
56%
What famous NBA player is Neymar a big fan of Stephen Curry
26%
Which team eliminated Neymar’s PSG from the 2020–21 Champions League Manchester City
24%
Which club did Neymar score against to reach 100 career goals Palmeiras
24%
Against which team did Neymar score his first Champions League goal for PSG Celtic
21%
Which energy drink brand did Neymar become a global ambassador for in 2014 Red Bull
18%
Who assisted Neymar's first ever goal for FC Barcelona Dani Alves
15%
Against which team did Neymar win his only Club World Cup title River Plate
12%
Who was the manager when Neymar reached his highest goal-scoring season at PSG Unai Emery
12%
Which team did Neymar score his 50th international goal against Japan
9%
What is Neymar’s goal tally at Santos across all competitions 136
6%
Which rapper mentioned Neymar in a song titled “Neymar” Capital Bra
6%
Which stadium did Neymar score his first UCL away hat-trick at Celtic Park
6%
What Brazilian team did Neymar score his first professional brace against Atlético Paranaense
3%
Who was Neymar’s first-ever coach at Santos' youth team Betinho
3%
Which player did Neymar famously nutmeg in the 2021 Copa America Carlos Zambrano
3%
Who did Neymar score against in his final match for Barcelona Chapecoense
3%
In which stadium did Neymar score his 100th career goal Estádio do Pacaembu
3%
Which Spanish judge investigated Neymar's 2013 transfer to Barcelona Judge Pablo Ruz
3%
Which Brazilian soap opera did Neymar make a cameo in Malhação
3%
Which Brazilian club did Neymar's father play for professionally Mogi Mirim
3%
Which team did Neymar face in his first official Al Hilal AFC Champions League game Nassaji Mazandaran
3%
What Brazilian club rejected Neymar in his youth due to his small size Portuguesa Santista
3%
Which stadium hosted Neymar’s first match for PSG Stade du Roudourou
3%
Which defender was involved in Neymar’s ankle injury in 2021 Thiago Mendes
3%
No matching quizzes found
Score Distribution
Percent of People with Each Score
Percentile by Number Answered
Your Score History
You have not taken this quiz